000
00327nam a22001457a 4500
020
_a
0-07-049940-3
041
_a
ENG
100
_a
Post.G.V
245
_a
Management Information Systems
260
_a
New Delhi
_b
Tata McGraw Hill
_c
2003
300
_a
618
650
_a
M.Tech
700
_a
Anderson.D.L
856
_u
M.Tech ( 7 )
999
_c
1067
_d
1067